000 01559nam a22002177a 4500
008 181024b xxu||||| |||| 00| 0 eng d
020 _a9781932364330
050 _aHT167.D36
100 _aDaniels, Thomas L.
245 _aThe small town planning handbook. /
_cThomas L. Daniels et al.
250 _a3rd. ed.
260 _aChicago :
_bAPA Planners Press,
_c2007.
300 _axxx, 402p. :
_bill. ;
_c26 cm.
500 _aIncludes bibliographical references and index.
505 _aContents: Part I: Creating a town plan: Why plan? -- The town plan: planning process and procedures -- The planning commission -- Determining community goals and objectives -- Information resources for the town plan -- Community profile, geography, and history -- Population characteristics and projections -- Economic data for the small community -- Natural environment and cultural resources -- Housing -- Community resources and public facilities -- Transportation and circulation -- Current and future land use -- Printing and publishing the town plan -- Part II: Putting the town plan into action: The zonal ordinance -- Subdivision and land development regulations -- The capital improvement program -- Other local land-use regulations: Part III: Sustainable small towns: The design and appearance of small towns -- Making economic development happen in small towns -- The town plan in action and strategic planning.
700 _aKeller, John W.
700 _aLapping, Mark B.
700 _aDaniels, Katherine.
700 _aSegedy, James.
942 _2lcc
_cBK
999 _c6739
_d14239